[Event "Open Vitrolles 2018-2019"]
[Site "Vitrolles"]
[Date "2019.01.12"]
[Round "5.9"]
[White "Scamaroni, Jean-Paul"]
[Black "Maccagno, Gilbert"]
[Result "1-0"]
[WhiteElo "1503"]
[BlackElo "1373"]
[PlyCount "151"]

1. d4 Nf6 2. c4 d6 3. Nc3 g6 4. e4 Bg7 5. f4 O-O 6. Nf3 e5 7. fxe5 dxe5 8. d5
c6 9. Be2 Re8 10. O-O Ng4 11. Qb3 Na6 12. h3 Nf6 13. Be3 Nh5 14. Kh2 Nf4 15.
Bxf4 exf4 16. Rad1 Qb6 17. Qc2 Nc5 18. Nd2 Qc7 19. Bf3 Qe5 20. Ndb1 Qg5 21. Qf2
Nd7 22. dxc6 bxc6 23. Bg4 Ne5 24. Bxc8 Raxc8 25. Qxf4 Qxf4+ 26. Rxf4 Nxc4 27.
Rf2 Be5+ 28. g3 Rcd8 29. Rxd8 Rxd8 30. b3 Nb6 31. Ne2 Rd3 32. Kg2 Nd7 33. Nf4
Rd6 34. Na3 Nb6 35. Re2 Kg7 36. Nb1 f6 37. Nd2 Kf7 38. Nf3 Nd7 39. Rd2 Rxd2+
40. Nxd2 Nb6 41. Nd3 Bd6 42. Nf3 Nd7 43. g4 g5 44. Nd2 Nb6 45. Nb2 Bb4 46. Ndc4
Ke6 47. Kf3 Nd7 48. Nd3 Bc3 49. Ke3 h6 50. a3 c5 51. Nc1 Ne5 52. Nxe5 fxe5 53.
Ne2 Bd4+ 54. Kd3 Bf2 55. Nc3 Be1 56. Nb5 a5 57. Kc4 Bf2 58. Nc7+ Kd7 59. Nd5
Kc6 60. Nf6 Bd4 61. Ng8 Bb2 62. a4 Bc1 63. Nxh6 Bd2 64. Nf5 Be1 65. Ne7+ Kd7
66. Nd5 Kc6 67. Ne3 Bf2 68. Nf5 Be1 69. Ne7+ Kd6 70. Nc8+ Ke6 71. Kxc5 Bb4+ 72.
Kc6 Bc3 73. Nb6 Bd2 74. Nc4 Bb4 75. Kb5 Bc3 76. Nxa5 1-0

[Event "Open Vitrolles 2018-2019"]
[Site "Vitrolles"]
[Date "2019.01.12"]
[Round "5.11"]
[White "Misene, Milan"]
[Black "Lambert, Lancelot"]
[Result "1-0"]
[WhiteElo "1296"]
[BlackElo "1132"]
[PlyCount "95"]

1. e4 e5 2. Nf3 Nc6 3. Bb5 a6 4. Ba4 Nf6 5. O-O Be7 6. Re1 b5 7. Bb3 d6 8. c3
Na5 9. Bc2 c5 10. d4 Qc7 11. d5 O-O 12. h3 Bd7 13. b3 Nb7 14. Nbd2 Nd8 15. c4
Ne8 16. Nf1 g6 17. Bh6 Ng7 18. Bxg7 Kxg7 19. N3h2 f6 20. Qd2 Nf7 21. Ne3 Kg8
22. Neg4 Bxg4 23. Nxg4 Rfe8 24. f4 Qd8 25. Rf1 Rf8 26. f5 Kg7 27. Rf3 Rg8 28.
Raf1 g5 29. Qe1 Qb6 30. h4 h5 31. Ne3 g4 32. Rg3 Bf8 33. Bd1 Kh7 34. Bxg4 hxg4
35. Rxg4 Rxg4 36. Nxg4 Qd8 37. Qg3 Nh6 38. Nxh6 Bxh6 39. Qg6+ Kh8 40. Qxh6+ Kg8
41. Rf3 Qf8 42. Rg3+ Kf7 43. Qh7+ Ke8 44. Rg8 Rd8 45. Rxf8+ Kxf8 46. Qh8+ Ke7
47. Qg7+ Ke8 48. Qxf6 1-0

[Event "Open Vitrolles 2018-2019"]
[Site "Vitrolles"]
[Date "2019.01.12"]
[Round "5.12"]
[White "Schoeni, Christine"]
[Black "Pau, Gerard"]
[Result "0-1"]
[WhiteElo "1024"]
[BlackElo "1031"]
[PlyCount "125"]

1. d4 d5 2. Nf3 h6 3. e3 Bf5 4. Nc3 e6 5. Bd3 Ne7 6. O-O a6 7. Nh4 Bxd3 8. Qxd3
Nbc6 9. a3 g5 10. Nf3 Bg7 11. Na4 b6 12. Nc3 Qd7 13. b4 b5 14. Ne2 Nf5 15. c3
O-O 16. Ng3 Nxg3 17. fxg3 Rab8 18. g4 a5 19. Bd2 Qd6 20. Be1 e5 21. Bg3 axb4
22. cxb4 Qe7 23. Qc3 Qe8 24. Qc5 exd4 25. exd4 Qe3+ 26. Kh1 Nxd4 27. Nxd4 Bxd4
28. Qc1 Rfe8 29. Rb1 Qxc1 30. Rbxc1 Be5 31. Bf2 Re7 32. Bc5 Bd6 33. Bd4 Re4 34.
Rcd1 Rxg4 35. h3 Re4 36. Bf2 c6 37. Rc1 Rc4 38. Rcd1 Rc3 39. Ra1 Re8 40. Bd4
Rd3 41. Bf2 Be5 42. Ra2 Bc3 43. Kg1 Rd2 44. Rxd2 Bxd2 45. Rd1 Bc3 46. Kf1 Rd8
47. Rc1 d4 48. Ke2 Bb2 49. Rxc6 d3+ 50. Kd2 Kg7 51. Rb6 Rd5 52. Bc5 Bxa3 53.
Rxb5 Kg6 54. Ra5 Bb2 55. Ra6+ f6 56. Ra2 Be5 57. g3 Bxg3 58. Rb2 f5 59. Rb3 f4
60. Be3 fxe3+ 61. Kxe3 d2 62. Rd3 Rxd3+ 63. Kxd3 0-1

[Event "Open Vitrolles 2018-2019"]
[Site "Vitrolles"]
[Date "2019.01.19"]
[Round "6.1"]
[White "Vinet, Christophe"]
[Black "Fournier, Alain"]
[Result "1-0"]
[WhiteElo "1641"]
[BlackElo "1509"]
[PlyCount "73"]

1. e4 d6 2. d4 Nf6 3. Nc3 c6 4. f4 Qa5 5. Bd2 e5 6. Nf3 exf4 7. Nd5 Qd8 8. Nxf4
Nxe4 9. Qe2 d5 10. O-O-O Be7 11. Be3 Nd7 12. Nd3 Ndf6 13. Nfe5 O-O 14. g4 Bxg4
15. Nxg4 Qa5 16. Kb1 Ba3 17. Nxf6+ Nxf6 18. bxa3 Ne4 19. Bd2 Qb6+ 20. Nb2 Rae8
21. Qf3 Re6 22. Qb3 Qxd4 23. Bb4 Qf6 24. Bh3 c5 25. Bxe6 cxb4 26. Bxd5 Nc3+ 27.
Ka1 Nxd1 28. Rxd1 bxa3 29. Qxa3 Rc8 30. Qf3 Qe7 31. Bb3 g5 32. h4 h6 33. hxg5
hxg5 34. Qf5 Rc5 35. Bxf7+ Qxf7 36. Qxc5 Qf4 37. Qc4+ 1-0

[Event "Open Vitrolles 2018-2019"]
[Site "Vitrolles"]
[Date "2019.01.19"]
[Round "6.2"]
[White "Amoros, Jean"]
[Black "Guisset, Andre"]
[Result "1/2-1/2"]
[WhiteElo "1422"]
[BlackElo "1378"]
[PlyCount "100"]

1. e4 c6 2. Nc3 d5 3. Nf3 Bg4 4. h3 Bxf3 5. Qxf3 e6 6. e5 Nd7 7. d4 a6 8. Bd2
c5 9. Qg4 cxd4 10. Qxd4 Bc5 11. Qf4 Ne7 12. Bd3 Ng6 13. Bxg6 hxg6 14. g4 Qc7
15. O-O-O Qxe5 16. Qa4 Qd4 17. Qb3 Qb4 18. Qxb4 Bxb4 19. Rde1 O-O 20. a3 Bc5
21. Re2 b5 22. b4 Bd6 23. h4 Nb6 24. Kb1 Nc4 25. Bc1 Rac8 26. Na2 a5 27. h5
gxh5 28. Rxh5 axb4 29. f3 Be5 30. Rhxe5 Nxe5 31. Rxe5 bxa3 32. Bxa3 Rfe8 33.
Bb4 Rc4 34. c3 Rf4 35. Re3 Rc8 36. Kb2 Kh7 37. Nc1 Kg6 38. Nd3 Rxb4+ 39. Nxb4
Rc4 40. Rd3 Kg5 41. Nxd5 exd5 42. Rxd5+ Kf6 43. Rxb5 Rf4 44. Rf5+ Rxf5 45. gxf5
Kxf5 46. c4 Ke5 47. Kc3 g5 48. Kd3 f5 49. Ke3 g4 50. fxg4 fxg4 1/2-1/2

[Event "Open Vitrolles 2018-2019"]
[Site "Vitrolles"]
[Date "2019.01.19"]
[Round "6.3"]
[White "Derien, Robert"]
[Black "Pinto, Axel"]
[Result "0-1"]
[WhiteElo "1550"]
[BlackElo "1472"]
[PlyCount "62"]

1. e4 c5 2. Nf3 Nc6 3. c3 Nf6 4. e5 Nd5 5. d4 e6 6. Nbd2 cxd4 7. cxd4 Be7 8.
Ne4 O-O 9. Bd3 f6 10. O-O fxe5 11. dxe5 Qc7 12. Neg5 h6 13. Re1 hxg5 14. Nxg5
Bxg5 15. Bxg5 Nxe5 16. Be4 Nf6 17. Bxf6 Rxf6 18. Rc1 Qb6 19. Rc2 Nf7 20. Qh5
Rh6 21. Qe2 d5 22. Bd3 Qd6 23. g3 e5 24. Rd2 Qe6 25. Bb1 e4 26. Qe3 Ne5 27.
Bxe4 Nc4 28. Qd4 Nxd2 29. Bxd5 Nf3+ 30. Kf1 Nxd4 31. Bxe6+ Bxe6 0-1

[Event "Open Vitrolles 2018-2019"]
[Site "Vitrolles"]
[Date "2018.03.09"]
[Round "6.4"]
[White "Blondelon, Claude"]
[Black "Briquet, Xavier"]
[Result "0-1"]
[WhiteElo "1255"]
[BlackElo "1378"]
[PlyCount "55"]
[EventDate "2019.??.??"]

1. d4 d5 2. Nf3 Nf6 3. c4 e6 4. e3 c5 5. Nc3 cxd4 6. Nxd4 Nc6 7. Nf3 Be7 8. Be2
O-O 9. O-O b6 10. Nd2 Ne5 11. Nf3 Nxc4 12. Nb5 a6 13. Nbd4 Bb7 14. b3 Na5 15.
Ne5 Bd6 16. Bd2 Bxe5 17. Bxa5 bxa5 18. Rc1 Qd6 19. Nf3 Bb2 20. Rc2 Ba3 21. Nd4
e5 22. Nf5 Qe6 23. Bg4 Nxg4 24. Qxg4 g6 25. Rc7 Bc8 26. Re7 Bxe7 27. Nxe7+ Qxe7
28. Qd1 0-1

[Event "Open Vitrolles 2018-2019"]
[Site "Vitrolles"]
[Date "2019.01.19"]
[Round "6.5"]
[White "Bouriel, Michel"]
[Black "Jullien, Patrick"]
[Result "1/2-1/2"]
[WhiteElo "1420"]
[BlackElo "1589"]
[PlyCount "73"]

1. c4 Nf6 2. Nc3 d5 3. cxd5 Nxd5 4. Nf3 e6 5. g3 b6 6. Bg2 Bb7 7. O-O Be7 8. d3
O-O 9. a3 c5 10. Qc2 Nc6 11. Ne4 Rc8 12. Neg5 Nd4 13. Qd1 Ba8 14. Ne4 Nf6 15.
e3 Nxf3+ 16. Bxf3 Nxe4 17. dxe4 Bf6 18. Qa4 Qc7 19. Qc2 Rfd8 20. Bd2 Rd7 21.
Bc3 Bxc3 22. Qxc3 Rcd8 23. Kg2 h6 24. Qc4 Qe5 25. b3 Rd3 26. Rac1 Qb2 27. Rfd1
Rxd1 28. Rxd1 Rxd1 29. Bxd1 Qxa3 30. Qd3 Kh7 31. Bf3 g6 32. Qd8 Qxb3 33. Qxa8
a5 34. Qf8 e5 35. Qe7 a4 36. Bd1 Qxd1 37. Qxf7+ 1/2-1/2

[Event "Open Vitrolles 2018-2019"]
[Site "Vitrolles"]
[Date "2019.01.19"]
[Round "6.7"]
[White "Cens, Alain"]
[Black "Scamaroni, Jean-Paul"]
[Result "1-0"]
[WhiteElo "1448"]
[BlackElo "1503"]
[PlyCount "93"]

1. c4 g6 2. g3 Bg7 3. Bg2 e5 4. Nc3 c6 5. e4 d6 6. Nge2 Ne7 7. O-O f5 8. d4 O-O
9. dxe5 dxe5 10. Bg5 Qc7 11. exf5 Bxf5 12. Ne4 Rd8 13. Qc2 Na6 14. Be3 c5 15.
N2c3 Nc6 16. Rad1 Nd4 17. Qc1 Nb4 18. Rd2 Be6 19. b3 Rac8 20. Ng5 Re8 21. Nxe6
Rxe6 22. Nd5 Nxd5 23. Bxd5 Rce8 24. Qd1 Kh8 25. Bxe6 Rxe6 26. Qg4 h5 27. Qe4
Qf7 28. f3 Rf6 29. Kg2 Rf5 30. h3 Kh7 31. g4 hxg4 32. hxg4 Rf6 33. Kg3 Kg8 34.
Rh2 a6 35. Bg5 Rd6 36. Bh6 Ne6 37. Bxg7 Qxg7 38. Rfh1 Ng5 39. Rh8+ Kf7 40.
Qxb7+ Kf6 41. Qb8 Re6 42. Qd8+ Re7 43. Rf8+ Nf7 44. g5+ Ke6 45. Qd5+ Kf5 46.
Qe4+ Kxg5 47. Qh4+ 1-0

[Event "Open Vitrolles 2018-2019"]
[Site "Vitrolles"]
[Date "2019.01.19"]
[Round "6.8"]
[White "Porte, Jacques"]
[Black "Bregier, Gerard"]
[Result "1/2-1/2"]
[WhiteElo "1280"]
[BlackElo "1447"]
[PlyCount "154"]

1. d4 d6 2. Nc3 g6 3. e4 Bg7 4. Nf3 a6 5. Be3 b5 6. Bd3 e6 7. Qd2 h6 8. O-O Nd7
9. Rad1 Ne7 10. b4 Bb7 11. Ne2 Nf6 12. d5 Ng4 13. Bd4 e5 14. Ba1 O-O 15. c4 Qd7
16. c5 Qd8 17. c6 Bc8 18. Bc3 Kh7 19. Qc1 f5 20. h3 fxe4 21. Bxe4 Nf6 22. Qc2
Nxe4 23. Qxe4 Bf5 24. Qe3 g5 25. Ng3 Bg6 26. Nd2 Nxd5 27. Qe1 Nxc3 28. Ra1 Bd3
29. Qe3 Bxf1 30. Rxf1 Nxa2 31. Qa3 Nxb4 32. Qxb4 Qf6 33. Nh5 Qf7 34. g4 Qd5 35.
Qb1+ Kg8 36. Qg6 Qf7 37. Qc2 d5 38. f3 a5 39. Qc5 b4 40. Qb5 Rfb8 41. Qa4 Qe8
42. Qc2 Rb6 43. Rc1 Raa6 44. Nxg7 Kxg7 45. Nb3 Rxc6 46. Nc5 Rab6 47. Qe2 Qe7
48. Qe3 d4 49. Qd3 Rxc5 50. Re1 Rc3 51. Qe4 Qf6 52. Kg2 Rc2+ 53. Qxc2 Rc6 54.
Qa4 Rc3 55. Rf1 Qf4 56. Qd7+ Qf7 57. Qb5 Rc2+ 58. Kg1 Kf8 59. Qxe5 d3 60. Qh8+
Qg8 61. Qf6+ Qf7 62. Qh8+ Ke7 63. Re1+ Re2 64. Rc1 Ke6 65. Qxh6+ Kd7 66. Qc6+
Kd8 67. Kf1 Qe7 68. Qd5+ Qd7 69. Qg8+ Re8 70. Qxg5+ Qe7 71. Qd5+ Qd6 72. Qa8+
Kd7 73. Qxa5 d2 74. Qb5+ Ke7 75. Rd1 Kf8 76. Qf5+ Ke7 77. Qg5+ Qf6 1/2-1/2

[Event "Open Vitrolles 2018-2019"]
[Site "Vitrolles"]
[Date "2019.01.19"]
[Round "6.9"]
[White "Mars, Florence"]
[Black "Misene, Milan"]
[Result "0-1"]
[WhiteElo "1264"]
[BlackElo "1296"]
[PlyCount "86"]

1. e4 c5 2. c4 Nc6 3. Nf3 e6 4. d4 cxd4 5. Nxd4 Nf6 6. Nc3 Bb4 7. f3 a6 8. Nxc6
bxc6 9. Be3 O-O 10. Be2 d5 11. e5 Nd7 12. f4 f6 13. exf6 Nxf6 14. O-O Bd6 15.
c5 Bc7 16. b4 a5 17. b5 cxb5 18. Bxb5 Ba6 19. a4 Bxb5 20. axb5 Qc8 21. Bd4 Ne4
22. g3 Nxc3 23. Bxc3 Bb6 24. cxb6 Qxc3 25. Rc1 Qe3+ 26. Rf2 Qxb6 27. Qe2 Rfc8
28. Rxc8+ Rxc8 29. Kg2 Rc5 30. Qe3 Rxb5 31. Qxb6 Rxb6 32. Kf3 a4 33. Ke3 a3 34.
Kd3 Rb3+ 35. Kd4 Rb2 36. Rf3 a2 37. Ra3 Rxh2 38. Kc3 Rg2 39. Kd4 Kf7 40. Ke5
Re2+ 41. Kd6 Kf6 42. g4 d4 43. Kc5 d3 0-1

[Event "Open Vitrolles 2018-2019"]
[Site "Vitrolles"]
[Date "2019.01.19"]
[Round "6.10"]
[White "Maccagno, Gilbert"]
[Black "Schoeni, Christine"]
[Result "1-0"]
[WhiteElo "1373"]
[BlackElo "1024"]
[PlyCount "91"]

1. e4 e5 2. Nf3 d6 3. Bc4 f6 4. c3 Nc6 5. h3 Nge7 6. d4 Na5 7. Bd3 Ng6 8. O-O
Be7 9. Be3 O-O 10. Nbd2 b5 11. b4 Nc4 12. Nxc4 bxc4 13. Bxc4+ Kh8 14. a4 Bb7
15. Bd3 Nf4 16. Bc2 d5 17. Bxf4 exf4 18. Re1 c6 19. Qd2 Bd6 20. a5 Bc8 21. e5
Be7 22. e6 Qc7 23. Qd3 f5 24. h4 Qd6 25. Qe2 h6 26. h5 Rf6 27. Ne5 Bxe6 28.
Ng6+ Kh7 29. Nxe7 Qxe7 30. Qf3 Qd6 31. Re5 g5 32. hxg6+ Rxg6 33. Qxf4 Rf8 34.
g3 Rg4 35. Qf3 Rg5 36. Rae1 Re8 37. Qf4 Kg6 38. Kg2 Kf6 39. Rh1 Rh8 40. Rxf5+
Bxf5 41. Qxd6+ Be6 42. f4 Rg7 43. Bf5 Kxf5 44. Qe5+ Kg6 45. Qxe6+ Kh7 46. Rxh6#
1-0

[Event "Open Vitrolles 2018-2019"]
[Site "Vitrolles"]
[Date "2019.02.02"]
[Round "7.1"]
[White "Guisset, Andre"]
[Black "Vinet, Christophe"]
[Result "0-1"]
[WhiteElo "1378"]
[BlackElo "1641"]
[PlyCount "86"]

1. Nf3 Nf6 2. c4 c5 3. Nc3 Nc6 4. g3 g6 5. Bg2 Bg7 6. a3 O-O 7. Rb1 d5 8. cxd5
Nxd5 9. O-O Rb8 10. Nxd5 Qxd5 11. d3 e5 12. Ng5 Qd7 13. Ne4 b6 14. Bh6 Bb7 15.
Qa4 Qd4 16. Qxd4 Nxd4 17. Be3 Nxe2+ 18. Kh1 f5 19. Ng5 Bxg2+ 20. Kxg2 Rbe8 21.
Rfe1 Nd4 22. Bxd4 cxd4 23. f3 h6 24. Nh3 Bf6 25. a4 Rc8 26. Rbc1 Kf7 27. b3 Rc3
28. Rxc3 dxc3 29. Rc1 Rc8 30. Nf2 c2 31. d4 Bg5 32. f4 exf4 33. Nd3 f3+ 34.
Kxf3 Bxc1 35. Nxc1 g5 36. Ke2 Ke6 37. Ke3 Kd5 38. Kd3 a5 39. Ke3 f4+ 40. gxf4
gxf4+ 41. Kd3 f3 42. Ke3 Rf8 43. Nd3 f2 0-1

[Event "Open Vitrolles 2018-2019"]
[Site "Vitrolles"]
[Date "2019.02.02"]
[Round "7.2"]
[White "Pinto, Axel"]
[Black "Amoros, Jean"]
[Result "1-0"]
[WhiteElo "1472"]
[BlackElo "1422"]
[PlyCount "89"]

1. d4 e5 2. dxe5 Nc6 3. Nf3 Qe7 4. g3 Nxe5 5. Bg2 Nxf3+ 6. Bxf3 Nf6 7. O-O d6
8. Bg2 c6 9. Bf4 Be6 10. Nd2 Nd5 11. Ne4 Nxf4 12. gxf4 Bd5 13. Qd4 Qh4 14. c4
Bxe4 15. Bxe4 Be7 16. Qxg7 O-O-O 17. Qxf7 Rdf8 18. Qe6+ Kc7 19. e3 Re8 20. Rad1
Rhf8 21. Bg2 Rf6 22. Qh3 Rg6 23. Qxh4 Bxh4 24. Kh1 Reg8 25. Be4 R6g7 26. f3 h6
27. Bf5 Rg2 28. Rg1 Rxg1+ 29. Rxg1 Rxg1+ 30. Kxg1 Bf6 31. b3 Kd8 32. Kg2 Ke7
33. Bc8 b6 34. Kg3 Kf7 35. Bd7 c5 36. Kg4 Bc3 37. Kf5 Bd2 38. e4 Ke7 39. Bc6 h5
40. e5 h4 41. Bd5 h3 42. e6 Be3 43. Kg4 a6 44. f5 Kf6 45. Kxh3 1-0

[Event "Open Vitrolles 2018-2019"]
[Site "Vitrolles"]
[Date "2019.02.02"]
[Round "7.3"]
[White "Fournier, Alain"]
[Black "Jullien, Patrick"]
[Result "0-1"]
[WhiteElo "1509"]
[BlackElo "1589"]
[PlyCount "56"]

1. b3 Nf6 2. f4 d5 3. e3 g6 4. Bb2 Bg7 5. Nf3 O-O 6. Be2 c5 7. O-O Nc6 8. Bb5
Qb6 9. Bxc6 bxc6 10. Nc3 Ba6 11. Na4 Qb5 12. Re1 Rfe8 13. c4 dxc4 14. bxc4 Qxc4
15. Rc1 Qxa2 16. Be5 Bb5 17. Nxc5 Qd5 18. e4 Qd8 19. Nd4 Qb6 20. f5 Red8 21.
fxg6 hxg6 22. Qf3 Nd7 23. Bxg7 Nxc5 24. Bh6 Rxd4 25. Qc3 Nd3 26. Be3 Rad8 27.
Bxd4 Qxd4+ 28. Qxd4 Rxd4 0-1

[Event "Open Vitrolles 2018-2019"]
[Site "Vitrolles"]
[Date "2019.02.02"]
[Round "7.4"]
[White "Benoit-Lizon, Alain"]
[Black "Briquet, Xavier"]
[Result "1-0"]
[WhiteElo "1432"]
[BlackElo "1378"]
[PlyCount "115"]

1. e4 e5 2. Nf3 Nc6 3. Bb5 Nge7 4. Nc3 a6 5. Bc4 h6 6. d4 exd4 7. Nxd4 b5 8.
Bb3 d6 9. Nxc6 Nxc6 10. Bxf7+ Kxf7 11. Qd5+ Be6 12. Qxc6 Be7 13. Nd5 Bxd5 14.
Qxd5+ Kf8 15. Be3 Rc8 16. O-O Bf6 17. c3 c6 18. Qf5 Ke7 19. f4 Rf8 20. Qg4 Qe8
21. Rad1 g6 22. e5 dxe5 23. fxe5 h5 24. exf6+ Rxf6 25. Bc5+ Kf7 26. Rd7+ Kg8
27. Rxf6 hxg4 28. Rf8+ Qxf8 29. Bxf8 Rxf8 30. Rd6 Kg7 31. Rxc6 a5 32. Rc5 b4
33. cxb4 axb4 34. Rc4 Rb8 35. Rxg4 b3 36. a3 Rd8 37. Rf4 Rd1+ 38. Rf1 Rd2 39.
Rf2 Rd1+ 40. Rf1 Rd2 41. Rb1 Kf6 42. a4 Ke6 43. a5 Rd6 44. Kf2 Kd7 45. Ke3 Kc7
46. Rc1+ Kb7 47. Rc3 Ka6 48. Rxb3 Kxa5 49. g4 Ka4 50. Rb8 Re6+ 51. Kf4 Re2 52.
h4 g5+ 53. Kxg5 Re5+ 54. Kf6 Re4 55. g5 Rxh4 56. g6 Rf4+ 57. Kg7 Rc4 58. b3+
1-0

[Event "Open Vitrolles 2018-2019"]
[Site "Vitrolles"]
[Date "2019.02.02"]
[Round "7.5"]
[White "Cens, Alain"]
[Black "Derien, Robert"]
[Result "1-0"]
[WhiteElo "1448"]
[BlackElo "1550"]
[PlyCount "79"]

1. c4 e5 2. g3 f5 3. Bg2 Nf6 4. e3 Bc5 5. Nc3 c6 6. Nge2 O-O 7. d4 exd4 8. exd4
Bb4 9. O-O Be7 10. d5 d6 11. Nf4 Na6 12. dxc6 bxc6 13. Bxc6 Rb8 14. Rb1 Nc5 15.
Re1 Bb7 16. Bxb7 Rxb7 17. Ne6 Nxe6 18. Rxe6 Qd7 19. Re1 Bd8 20. Bf4 Qf7 21. b3
Ba5 22. Re3 Bb6 23. Rd3 Ne4 24. Nxe4 fxe4 25. Rxd6 e3 26. Bxe3 Bxe3 27. fxe3
Re7 28. Qd5 Rxe3 29. Qxf7+ Kxf7 30. Rf1+ Ke7 31. Rxf8 Kxd6 32. Rf7 Re7 33. Rxe7
Kxe7 34. Kf2 Kd6 35. Ke3 Kc5 36. g4 h6 37. h4 g6 38. Ke4 a6 39. Ke5 a5 40. Kf6
1-0

[Event "Open Vitrolles 2018-2019"]
[Site "Vitrolles"]
[Date "2019.02.03"]
[Round "7.6"]
[White "Bregier, Gerard"]
[Black "Blondelon, Claude"]
[Result "1-0"]
[WhiteElo "1447"]
[BlackElo "1255"]
[PlyCount "57"]
[EventDate "2019.??.??"]

1. d4 d5 2. Bf4 c6 3. e3 Nf6 4. Nf3 Nbd7 5. Nbd2 e6 6. c3 Be7 7. Ne5 O-O 8. Bd3
c5 9. h4 h5 10. g4 Nxe5 11. dxe5 Nxg4 12. Rg1 Bxh4 13. Rxg4 hxg4 14. Qxg4 g6
15. Bxg6 fxg6 16. Qxg6+ Kh8 17. Qh6+ Kg8 18. Nf3 Rf7 19. Nxh4 Rh7 20. Qg6+ Rg7
21. Qh5 Rh7 22. Bh6 Qd7 23. O-O-O Rxh6 24. Qxh6 Qg7 25. Qh5 Bd7 26. Nf3 Be8 27.
Qh3 Kf7 28. Rg1 Qf8 29. Qh7+ 1-0

[Event "Open Vitrolles 2018-2019"]
[Site "Vitrolles"]
[Date "2019.02.02"]
[Round "7.7"]
[White "Misene, Milan"]
[Black "Bouriel, Michel"]
[Result "0-1"]
[WhiteElo "1296"]
[BlackElo "1420"]
[PlyCount "70"]

1. e4 c5 2. Nf3 d6 3. d4 cxd4 4. Nxd4 Nf6 5. Nc3 g6 6. Be3 Bg7 7. f3 O-O 8. Qd2
Nc6 9. Bc4 a6 10. Nxc6 bxc6 11. O-O Bb7 12. Bh6 Bxh6 13. Qxh6 Qb6+ 14. Kh1 Qxb2
15. Qd2 Qb6 16. Rab1 Qc7 17. Ne2 d5 18. exd5 cxd5 19. Bd3 Rab8 20. Rfc1 Rfd8
21. Nd4 e5 22. Nf5 e4 23. fxe4 dxe4 24. Nh6+ Kg7 25. Nf5+ gxf5 26. Qg5+ Kf8 27.
Qxf6 exd3 28. cxd3 Qd6 29. Qxf5 Qg6 30. Qf2 Rxd3 31. h3 Rxh3+ 32. Kg1 Rg3 33.
Rb2 Rxg2+ 34. Kf1 Rxf2+ 35. Kxf2 Qf6+ 0-1

[Event "Open Vitrolles 2018-2019"]
[Site "Vitrolles"]
[Date "2019.02.02"]
[Round "7.8"]
[White "Maccagno, Gilbert"]
[Black "Porte, Jacques"]
[Result "0-1"]
[WhiteElo "1373"]
[BlackElo "1280"]
[PlyCount "97"]

1. e4 c5 2. Nf3 d6 3. d4 cxd4 4. Nxd4 Nc6 5. f3 Nf6 6. c4 e6 7. Be2 Be7 8. O-O
O-O 9. Kh1 Bd7 10. Be3 a6 11. Nc3 Qc7 12. Qd2 Rfe8 13. Rac1 Nxd4 14. Bxd4 Bc6
15. Be3 Nd7 16. Rfd1 Rad8 17. Bf1 Ne5 18. Qf2 Nd7 19. Bd4 Bf6 20. b3 Bxd4 21.
Qxd4 Nf6 22. Rd2 e5 23. Qf2 h6 24. Rcd1 Rd7 25. Nd5 Bxd5 26. cxd5 Rc8 27. g3 g5
28. g4 Qc5 29. Kg1 h5 30. h3 hxg4 31. hxg4 Rdc7 32. Qxc5 Rxc5 33. Bd3 Nd7 34.
Kf2 Kg7 35. Rh1 Rc3 36. Rhd1 Nf8 37. Rh1 Ng6 38. Rh2 Nf4 39. Ke3 a5 40. Rd1 a4
41. bxa4 R8c4 42. Rhd2 Rxa4 43. Rb1 Raa3 44. Rb3 Rcxb3 45. axb3 Rxb3 46. Rd1 b5
47. Rd2 b4 48. Rd1 Rc3 49. Rd2 0-1

[Event "Open Vitrolles 2018-2019"]
[Site "Vitrolles"]
[Date "2019.02.02"]
[Round "7.9"]
[White "Thiers, Jean-Jacques"]
[Black "Scamaroni, Jean-Paul"]
[Result "0-1"]
[WhiteElo "1567"]
[BlackElo "1503"]
[PlyCount "112"]

1. d4 Nf6 2. c4 g6 3. Bf4 Bg7 4. Nc3 d6 5. e3 O-O 6. Nf3 Nbd7 7. Be2 Re8 8. O-O
b6 9. Qc2 Bb7 10. Rfd1 c5 11. d5 Qc7 12. h3 Rad8 13. a4 a6 14. e4 Nh5 15. Bh2
h6 16. Qd2 Kh7 17. g4 Nhf6 18. g5 Ng8 19. gxh6 Bxh6 20. Ng5+ Kg7 21. Bg3 Ngf6
22. Bf4 Ne5 23. Ne6+ fxe6 24. Bxh6+ Kf7 25. f4 Ned7 26. dxe6+ Kxe6 27. f5+ gxf5
28. exf5+ Kf7 29. Nd5 Bxd5 30. cxd5 Rg8+ 31. Kh2 Ne5 32. Bg5 Qc8 33. Bxf6 exf6
34. Bh5+ Ke7 35. Re1 Rg5 36. Bg6 Kd7 37. Qe3 Rh8 38. Rg1 Ng4+ 39. Rxg4 Rxg4 40.
Qe6+ Kc7 41. Qe7+ Qd7 42. Qxf6 Rgh4 43. Ra3 Qd8 44. Qg7+ Kb8 45. f6 Qg8 46. Re3
Qxd5 47. Re8+ Rxe8 48. Bxe8 Qe5+ 49. Qg3 Qxb2+ 50. Kh1 Qxf6 51. Bd7 Rh8 52. Qd3
Ka7 53. Bc6 Qa1+ 54. Kh2 Qb2+ 55. Kh1 Qe5 56. Qf3 Qe7 0-1

[Event "Open Vitrolles 2018-2019"]
[Site "Vitrolles"]
[Date "2019.02.02"]
[Round "7.10"]
[White "Lambert, Lancelot"]
[Black "Chauvet, Joelle"]
[Result "1-0"]
[WhiteElo "1132"]
[BlackElo "1392"]
[PlyCount "61"]

1. e4 e5 2. Nf3 d6 3. Bc4 Be7 4. d4 Bg4 5. Be3 Nf6 6. Nc3 O-O 7. h3 Bh5 8. dxe5
Bxf3 9. Qxf3 dxe5 10. O-O c6 11. Qg3 Nbd7 12. Bh6 Nh5 13. Qf3 Bg5 14. Qxh5 Bxh6
15. Rad1 Qe7 16. Ne2 Nf6 17. Qh4 Qc5 18. Bb3 b5 19. Rd3 Rad8 20. Rg3 Rd2 21.
Qxh6 g6 22. Qxd2 Nxe4 23. Qe3 Qxe3 24. Rxe3 Nc5 25. Rxe5 Nxb3 26. axb3 Rd8 27.
c4 a6 28. Rc5 Rd6 29. Rc1 Kf8 30. cxb5 axb5 31. Rxc6 1-0

[Event "Open Vitrolles 2018-2019"]
[Site "Vitrolles"]
[Date "2018.09.03"]
[Round "7.11"]
[White "Pau, Gerard"]
[Black "Coquet, Bruno"]
[Result "0-1"]
[WhiteElo "1031"]
[BlackElo "1210"]
[PlyCount "98"]

1. e4 e5 2. Nf3 Nc6 3. Bc4 Bc5 4. O-O Nf6 5. d3 d6 6. h3 O-O 7. Nbd2 a6 8. c3
b5 9. Bb3 Ne7 10. Re1 Ng6 11. Nf1 c6 12. Ng3 Qb6 13. d4 exd4 14. cxd4 Bb4 15.
Bd2 Bxd2 16. Qxd2 Re8 17. Ng5 Be6 18. Nxe6 fxe6 19. d5 exd5 20. exd5 c5 21. Re6
c4 22. Bc2 Qc5 23. Ne4 Nxe4 24. Bxe4 Rf8 25. Bxg6 hxg6 26. Rxg6 Rf5 27. Qe2
Raf8 28. Rf1 Kh7 29. Qg4 R8f7 30. h4 Rxf2 31. Qh5+ Kg8 32. Rxf2 Rxf2 33. Qh6
Rf6+ 34. Kh2 Rxg6 35. Qxg6 Qxd5 36. h5 Qd2 37. h6 Qxh6+ 38. Qxh6 gxh6 39. g4
Kg7 40. Kg3 Kg6 41. Kf4 d5 42. Ke5 Kg5 43. Kxd5 Kxg4 44. Kc5 h5 45. Kb6 h4 46.
Kxa6 b4 47. Kb5 c3 48. bxc3 bxc3 49. a4 c2 0-1

[Event "Open Vitrolles 2018-2019"]
[Site "Vitrolles"]
[Date "2019.02.02"]
[Round "7.12"]
[White "Schoeni, Christine"]
[Black "Mars, Florence"]
[Result "0-1"]
[WhiteElo "1024"]
[BlackElo "1264"]
[PlyCount "98"]

1. d4 Nf6 2. c4 e5 3. d5 Bb4+ 4. Nc3 Ne4 5. Bd2 Nxd2 6. Qxd2 d6 7. e4 Nd7 8.
Nf3 Nc5 9. Bd3 Nxd3+ 10. Qxd3 Bg4 11. a3 Bxc3+ 12. Qxc3 Bxf3 13. Qxf3 O-O 14.
O-O Qd7 15. Qf5 Qxf5 16. exf5 f6 17. b4 g6 18. g4 gxf5 19. gxf5 Kf7 20. Kh1 Rg8
21. Rg1 Rg5 22. Rxg5 fxg5 23. Rg1 Rg8 24. c5 Kf6 25. cxd6 cxd6 26. Rc1 Rg7 27.
a4 Kxf5 28. b5 Ke4 29. Rd1 Rc7 30. Kg2 Rc5 31. f3+ Kf4 32. Re1 Rc2+ 33. Kh1
Kxf3 34. Rf1+ Rf2 35. Rg1 h6 36. Rg3+ Ke4 37. Kg1 Rf3 38. Rg2 Kxd5 39. Rc2 Ra3
40. Rc7 Rxa4 41. Rxb7 e4 42. Rh7 Ke5 43. Rxh6 d5 44. Rg6 Kf5 45. Rg8 d4 46.
Rf8+ Kg4 47. Re8 e3 48. Re4+ Kf3 49. Re5 Ra1# 0-1

[Event "Open Vitrolles 2018-2019"]
[Site "Vitrolles"]
[Date "2018.03.02"]
[Round "8.1"]
[White "Vinet, Christophe"]
[Black "Pinto, Axel"]
[Result "0-1"]
[WhiteElo "1641"]
[BlackElo "1533"]
[PlyCount "82"]

1. e4 c5 2. Nf3 Nc6 3. d4 cxd4 4. Nxd4 Nf6 5. Nc3 e5 6. Ndb5 d6 7. Bg5 Be7 8.
Bxf6 gxf6 9. Nd5 O-O 10. Nxe7+ Qxe7 11. Qxd6 Qxd6 12. Nxd6 Nb4 13. O-O-O Nxa2+
14. Kb1 Nb4 15. c3 Nc6 16. Bc4 Rb8 17. Nxc8 Rbxc8 18. Rd3 Nb4 19. Rg3+ Kh8 20.
Bb3 Na6 21. Rd1 Nc5 22. Ba2 Nxe4 23. Rf3 Rfd8 24. Rxd8+ Rxd8 25. Kc1 Kg7 26.
Bb1 Nc5 27. Rg3+ Kh8 28. Rh3 e4 29. f3 f5 30. fxe4 fxe4 31. b4 Nb3+ 32. Kb2 Nd2
33. Kc1 f5 34. Rh5 f4 35. Re5 e3 36. Re7 Nc4 37. Rxh7+ Kg8 38. Re7 Rd2 39. Be4
Kf8 40. Re6 e2 41. Bf3 Rd1+ 0-1